|
|
|
|
| LEADER |
01132nam a2200289 4500 |
| 001 |
000015367 |
| 003 |
11746 |
| 005 |
20130228140215.0 |
| 008 |
120525s2007 viesd |
| 041 |
0 |
|
|a vie
|
| 082 |
|
|
|a 371.1
|b Thư
|
| 245 |
|
0 |
|a Thực hiện kế hoạch đào tạo: Ngành Toán học
|b Sách trợ giúp giảng viên Cao đẳng Sư phạm
|c Nguyễn văn Tuấn (ch.b) - Nguyễn Quốc Bảo - Trần Thị Ngọc Diệp - Hoàng Thanh Hà...
|
| 260 |
|
|
|a H.
|b Đại học sư phạm
|c 2007
|
| 300 |
|
|
|a 317 tr
|c 24 cm
|
| 500 |
|
|
|a Bộ giáo dục và đào tạo dự án đào tạo giáo viên THCS
|
| 653 |
|
|
|a đào tạo
|
| 653 |
|
|
|a toán học
|
| OWN |
|
|
|a LSP
|
| AVA |
|
|
|a UDN50
|b LSP
|d 371.1 Thư
|e available
|t Error 5001 Not defined in file expand_doc_bib_avail.
|f 5
|g 0
|h N
|i 0
|k 1
|
| 999 |
|
|
|a From the UDN01
|
| AVA |
|
|
|a UDN50
|b LSP
|d 371.1 Thư
|e available
|t Error 5001 Not defined in file expand_doc_bib_avail.
|f 5
|g 0
|h N
|i 0
|k 1
|
| TYP |
|
|
|a Monograph
|
| TYP |
|
|
|a Printed language
|
| 980 |
|
|
|a Mạng thư viện Đại học Đà Nẵng
|